Guess the Taylor Swift Song with No Hints - 34 - Statistics

General Stats
  • This quiz has been taken 42 times
    17 since last reset
  • The average score is 241 of 327
Answer Stats
Answer % Correct
go
100%
I
100%
is
100%
this
100%
This
100%
a
93%
and
93%
And
93%
and,
93%
bad
93%
good
93%
it
93%
love
93%
me,
93%
me
93%
the
93%
you
93%
You
93%
back
87%
in
87%
In
87%
to
87%
Your
87%
came
80%
from
80%
my
80%
on
80%
on,
80%
On
80%
were
80%
what
80%
When
80%
you're
80%
dark,
73%
dark
73%
just
73%
let
73%
of
73%
But
67%
could
67%
glowing
67%
cheek
60%
free
60%
free,
60%
had
60%
leave
60%
left
60%
mark
60%
permanent
60%
watched
60%
water
60%
will
60%
blue
53%
brought
53%
dead,
53%
gone
53%
gone,
53%
hands
53%
kiss,
53%
night
53%
night,
53%
smile,
53%
still
53%
These
53%
dreams
47%
High
47%
knees
47%
need
47%
never
47%
only
47%
out
47%
tide
47%
up
47%
again
40%
alive
40%
Clear
40%
come
40%
fell
40%
ships
40%
sinking
40%
time
40%
Currents
33%
darker
33%
grew
33%
grip
33%
losing
33%
new
33%
Ohh
33%
run
33%
screams
33%
Skies
33%
swept
33%
through
33%
with
33%
young,
33%
dreamed
27%
ghost
27%
showed
27%
silent
27%
someone
27%
Tossing,
27%
turning
27%
wildest
27%
burning
20%
Flickered
20%
Lantern,
20%
oh, oh, oh
20%
Oh, oh, oh
20%
Struggled
20%
No matching quizzes found
Score Distribution
Percent of People with Each Score
Percentile by Number Answered
Your Score History
You have not taken this quiz since the last reset